LDR 01158nam a2200253 a 4500 001 000000127238 003 CaOOAMICUS 005 20120323103340.0 008 120119s2011 it frm z000 0 ita d 040 $aANT$bita$dPUL 100 1 $aPosi, Cosimo.$0(OLS)http://pul/name/81149 245 10$aCristianesimo e religioni nel pensiero di Ernesto Balducci /$cCosimo Posi. 260 $aRoma :$bPontificia Università Lateranense,$c2011. 300 $a216 p.$c24 cm 502 $aTesi -- Pontificia Universitas Lateranensis. Facultas s. theologiae. 2011. 504 $aBibliografia: p. [187]-216. 710 2 $aPontificia Università Lateranense.$bFacoltà di Teologia$kTesi.$0(OLS)http://pul/name/81775 850 $aPUL 852 $aPUL$W1$xDP1 Tesi Pon Univ. Lateranense$y41$m2011 B 12$j147137$qTesi$B145833$CPULBib$Z2$F145833 $82 910 $aPontificia Università Lateranense.$bFacoltà di sacra teologia.$kTesi$981775 941 1 $a16 996 $6245$aCristianesimo e religioni nel pensiero di Ernesto Balducci$9(OLS)http://pul/title/160754 996 $6260$aRoma :$bPontificia Università Lateranense$9(OLS)http://pul/publisher/47963